| 000 | 00474nam a2200169Ia 4500 | ||
|---|---|---|---|
| 008 | 230917s9999||||xx |||||||||||||| ||und|| | ||
| 020 | _cRS1155 | ||
| 040 |
_e255527 _aMAIN |
||
| 041 | _aEnglish | ||
| 082 | _a515.64 K848F | ||
| 100 | _aKot, Mark | ||
| 245 | 0 | _aFirst course in the calculus of variations | |
| 260 |
_aProvidence _bAmerican Mathematical Society _c2017 |
||
| 300 | _ax, 298 p. | ||
| 500 | _a3460 08/05/2019 RBP19/75796 24/05/2019 Main Budget | ||
| 942 | _cBK | ||
| 999 |
_c31114 _d31114 |
||